000 00545nam a2200193 a 4500
001 2410
005 20140414131909.0
008 050601s19uu xx 00 eng d
020 _a0-590-46451-5
050 _aER
_bB35 1993
100 _aCarr, Jan
245 _aBeauty and the beast /
_cretold by Jan Carr ; illustrated by Katy Bratun.
260 _aNew York :
_bScholastic,
_c1993.
300 _a1 v. p. : ill. ; cm.
440 _aRead with me cartwheel books
650 _aFairy tales.
650 _aChildren stories.
999 _c111095
_d111095